Srijan ke sahyaatri/ (Record no. 43802)

000 -LEADER
fixed length control field 00420nam a22001691a 4500
020 ## - INTERNATIONAL STANDARD BOOK NUMBER
ISBN 9788170163541
082 ## - DEWEY DECIMAL CLASSIFICATION NUMBER
Classification number H803
Item number RAV/S
100 ## - MAIN ENTRY--AUTHOR NAME
Personal name Ravindra Kalia
245 ## - TITLE STATEMENT
Title Srijan ke sahyaatri/
Statement of responsibility, etc by Ravindra Kalia
260 ## - PUBLICATION, DISTRIBUTION, ETC. (IMPRINT)
Place of publication New Delhi:
Name of publisher Kitab Bhavan,
Year of publication 1996.
300 ## - PHYSICAL DESCRIPTION
Number of Pages 171p.
650 ## - SUBJECT ADDED ENTRY--TOPICAL TERM
Topical Term Memoirs Ravindra Kaliya
650 ## - SUBJECT ADDED ENTRY--TOPICAL TERM
Topical Term Memoirs Hindi
650 ## - SUBJECT ADDED ENTRY--TOPICAL TERM
Topical Term Literature Hindi
650 ## - SUBJECT ADDED ENTRY--TOPICAL TERM
Topical Term Literature
942 ## - ADDED ENTRY ELEMENTS (KOHA)
Koha item type Book
Holdings
Withdrawn status Lost status Damaged status Not for loan Permanent Location Current Location Date acquired Cost, normal purchase price Full call number Accession Number Cost, replacement price Price effective from Koha item type
        Sree Sankaracharya University of Sanskrit Sree Sankaracharya University of Sanskrit 08.01.2015 125.00 H803 RAV/S 045195 0.00 08.01.2015 Book